Guess the random Taylor Swift Song Lyrics 13 - Statistics

General Stats
  • This quiz has been taken 15 times
  • The average score is 256 of 339
Answer Stats
Answer % Correct
a
100%
A
100%
are
100%
I
100%
it
100%
the
100%
The
100%
When
100%
when
100%
you
100%
You
100%
in
91%
is
91%
me
91%
was
91%
we
91%
your
91%
Your
91%
an
82%
And
82%
and
82%
cardigan
82%
High
82%
high
82%
knew
82%
know
82%
my
82%
of
82%
old
82%
on
82%
to
82%
To
82%
what
82%
all
73%
assume
73%
bars
73%
be
73%
brand
73%
'Cause
73%
downtown
73%
felt
73%
for
73%
friend
73%
heels
73%
I'm
73%
kiss
73%
like
73%
lose
73%
new
73%
nothin'
73%
phone
73%
put
73%
scars
73%
tee
73%
they
73%
time
73%
Vintage
73%
around
64%
baby
64%
bed
64%
better
64%
black
64%
But
64%
cars
64%
cobblestones
64%
Dancin'
64%
drew
64%
favorite
64%
I'd
64%
last
64%
lifetimes
64%
line
64%
lipstick
64%
losing
64%
needed
64%
none
64%
nothing
64%
now
64%
one
64%
Peter
64%
politics
64%
said
64%
Sensual
64%
stars
64%
streetlight
64%
under
64%
Under
64%
Wendy
64%
would
64%
you'd
64%
You'd
64%
young
64%
back
55%
bleedin'
55%
bloodstain
55%
come
55%
drunk
55%
girls
55%
giving
55%
hide
55%
Levis
55%
light
55%
long
55%
once
55%
seek
55%
someone's
55%
tattoo
55%
this
55%
train
55%
two
55%
water
55%
weekends
55%
change
45%
ending
45%
everything
45%
father
45%
front
45%
ifs
45%
leavin
45%
linger
45%
longest
45%
marked
45%
miss
45%
Playin'
45%
runnin'
45%
Steppin'
45%
sweatshirt
45%
twenty
45%
Chase
36%
Chasin'
36%
curse
36%
grocery
36%
hand
36%
haunt
36%
porch
36%
smile
36%
standin'
36%
tried
36%
expired
27%
hang
27%
heartbeat
27%
Sequin
27%
shadows
27%
thrill
27%
smell
18%
smoke
18%
No matching quizzes found
Score Distribution
Percent of People with Each Score
Percentile by Number Answered
Your Score History
You have not taken this quiz